United Nations peace keeping in Middle East: a study about India's contribution (Record no. 45178)

000 -LEADER
fixed length control field 00414pab a2200157 454500
008 - FIXED-LENGTH DATA ELEMENTS--GENERAL INFORMATION
fixed length control field 180718b1999 xxu||||| |||| 00| 0 eng d
100 ## - MAIN ENTRY--PERSONAL NAME
Personal name Yadav, R.S.
245 ## - TITLE STATEMENT
Title United Nations peace keeping in Middle East: a study about India's contribution
260 ## - PUBLICATION, DISTRIBUTION, ETC.
Date of publication, distribution, etc. 1999
300 ## - PHYSICAL DESCRIPTION
Extent p.185-97
362 ## - DATES OF PUBLICATION AND/OR SEQUENTIAL DESIGNATION
Dates of publication and/or sequential designation Jul-Dec
650 ## - SUBJECT ADDED ENTRY--TOPICAL TERM
Topical term or geographic name entry element United Nations
700 ## - ADDED ENTRY--PERSONAL NAME
Personal name Beniwal, Niwas
773 ## - HOST ITEM ENTRY
Main entry heading ISDA Journal
909 ## -
-- 45178
Holdings
Withdrawn status Lost status Damaged status Not for loan Permanent Location Current Location Date acquired Serial Enumeration / chronology Barcode Date last seen Price effective from Koha item type
        Indian Institute of Public Administration Indian Institute of Public Administration 2018-07-19 Volume no: 9, Issue no: 3-4 AR45600 2018-07-19 2018-07-19 Articles

Powered by Koha